Income tax: Law and accounting (new approach) (Record no. 14835)

MARC details
000 -LEADER
fixed length control field 00279nam a22001097a 4500
003 - CONTROL NUMBER IDENTIFIER
control field URS
005 - DATE AND TIME OF LATEST TRANSACTION
control field 20220114171816.0
008 - FIXED-LENGTH DATA ELEMENTS--GENERAL INFORMATION
fixed length control field 171222b xxu||||| |||| 00| 0 eng d
245 ## - TITLE STATEMENT
Title Income tax: Law and accounting (new approach)
700 ## - ADDED ENTRY--PERSONAL NAME
Relator code author
Personal name Reyes, Virgilio
942 ## - ADDED ENTRY ELEMENTS (KOHA)
Source of classification or shelving scheme Library of Congress Classification
Koha item type Foreign Books
Holdings
Withdrawn status Source of classification or shelving scheme Damaged status Not for loan Collection code Home library Current library Shelving location Date acquired Total Checkouts Full call number Barcode Date last seen Price effective from Koha item type
  Library of Congress Classification     Non-fiction Binangonan College Library Binangonan College Library Filipiniana Section 06/07/2023   Fil HJ 4776 R457 2012 URSBIN-2304 12/22/2017 12/22/2017 Filipiniana

University of Rizal System
Email us at univlibservices@urs.edu.ph

Visit our Website www.urs.edu.ph/library